[Event "Czech Open GM 2020"]
[Site "Pardubice"]
[Date "2020.09.21"]
[Round "1.1"]
[White "Dwilewicz, Katarzyna"]
[Black "Stocek, Jiri"]
[Result "0-1"]
[WhiteElo "2134"]
[BlackElo "2595"]
[Annotator "TA"]
[PlyCount "63"]
[EventDate "2020.09.21"]
[EventCountry "CZE"]
[SourceTitle "playchess.com"]
[Source "ChessBase"]
[SourceQuality "1"]

{[%evp 13,63,47,64,44,87,70,82,54,68,52,102,86,66,62,280,299,299,290,258,266,230,-51,-49,-45,-38,-77,-79,-89,-88,-83,-87,-93,-105,-441,-441,-433,-439,-414,-427,-428,-424,-435,-439,-388,-282,-291,-272,-289,-299,-461,-471,-437]} 1. e4 c5 2. Nf3 d6 3. d4 cxd4 4. Nxd4 Nf6 5. Nc3 Nc6 6. Bg5 Qb6 7. Nb3 e6 8. Qf3 {[#] B60: Sicilian: Richter-Rauzer: Unusual Black 6th moves and 6...Bd7 without 7 Qd2.} Nd7 $146 ({Predecessor:} 8... Be7 9. Qg3 a6 10. O-O-O Qc7 11. Bxf6 gxf6 12. Be2 Bd7 13. Bh5 O-O-O 14. Qh3 Rhf8 {1-0 (72) Cheparinov,I (2712)-Haznedaroglu,K (2472) Ankara 2018}) 9. Qg3 a6 10. O-O-O {White is better.} Qc7 11. Kb1 Rb8 12. Be2 b5 13. Rhe1 b4 $2 (13... h6 $14 14. Be3 g6) 14. Nd5 $1 $18 {[%cal Rd5c7]} exd5 15. exd5 Nce5 16. f4 $1 h6 17. Bh4 $2 (17. fxe5 $18 hxg5 18. Bb5 $1 {[%mdl 512]}) 17... g5 $1 $15 {[%cal Rg5h4]} 18. fxg5 {g6! is the strong threat.} Rg8 19. Nd4 Be7 {[%cal Rh6g5]} 20. gxh6 Rxg3 21. h7 Ng6 ({Of course not} 21... Rxg2 $6 22. h8=Q+ Nf8 23. Bxe7 $11) 22. Bh5 Nde5 23. Rxe5 $4 {[%mdl 8192]} (23. Bxg6 $17 {nothing else works.} Nxg6 24. Bxe7) 23... dxe5 $19 24. Bxg6 Rxg6 25. h8=Q+ Bf8 {White must now prevent ...Rh6.} 26. Re1 {[#]} Rh6 $1 {[%cal Rh6h8]} 27. Rxe5+ Be6 $1 28. Nxe6 Rxh8 29. Nxc7+ Kd7 30. Bg3 Bd6 {[%mdl 64] Double Attack} 31. Rf5 (31. Nxa6 $142 Rb6 32. Nxb4 Rxb4 33. a3) 31... Bxg3 32. Rxf7+ {What a bad dream for White. Accuracy: White = 62%, Black = 67%.} 0-1

[Event "Czech Open GM 2020"]
[Site "Pardubice"]
[Date "2020.09.21"]
[Round "1.2"]
[White "Plat, Vojtech"]
[Black "Petr, Jan"]
[Result "1-0"]
[WhiteElo "2566"]
[BlackElo "2282"]
[Annotator "TA"]
[PlyCount "59"]
[EventDate "2020.09.21"]
[EventCountry "CZE"]
[SourceTitle "playchess.com"]
[Source "ChessBase"]
[SourceQuality "1"]

{[%evp 10,59,48,42,61,59,71,52,58,0,11,16,16,-16,28,14,37,29,61,43,39,41,42,42,33,27,37,33,114,76,96,109,103,81,117,120,556,552,554,556,881,838,1262,1208,1124,954,1300,1330,29981,29982,6395,6303]} 1. d4 Nf6 2. c4 c5 3. Nf3 cxd4 4. Nxd4 Nc6 5. Nc3 Nxd4 6. Qxd4 b6 {A31: Symmetrical English: 2 Nf3 Nf6 3 d4.} 7. e4 d6 8. Bg5 h6 {[#] White is slightly better.} 9. Bh4 $146 ({Predecessor:} 9. Bxf6 gxf6 10. Be2 Rg8 11. g3 f5 12. Bf3 Bg7 13. Qd3 Ba6 14. Rc1 Bxc3+ 15. Rxc3 fxe4 16. Bxe4 {0-1 (50) Taylor,D (2017)-Grattage,M (1881) Gatwick 2011}) 9... g5 10. Bg3 Bg7 11. Qd1 Bg4 12. Be2 Qc8 13. Rc1 O-O 14. h4 Bxe2 15. Qxe2 Qe6 16. hxg5 hxg5 17. b3 Rac8 18. f3 Rfd8 (18... a6 $14) 19. Rd1 Nh5 20. Rxh5 Bxc3+ 21. Kf1 Qg6 {[#]} 22. f4 $1 f6 $2 {[%mdl 8192] Now Black is done in.} (22... Bf6 $16) 23. f5 $18 Qg7 24. Qd3 Be5 25. Bxe5 fxe5 26. Ke2 d5 27. exd5 Kf7 {[#]} 28. f6 $1 {[%mdl 512]} e4 (28... exf6 29. Rh7) 29. Qh3 g4 30. Qh4 {Accuracy: White = 85%, Black = 38%.} 1-0

[Event "Czech Open GM 2020"]
[Site "Pardubice"]
[Date "2020.09.21"]
[Round "1.3"]
[White "Rocco, Federico"]
[Black "Van Foreest, Lucas"]
[Result "0-1"]
[WhiteElo "2123"]
[BlackElo "2531"]
[Annotator "TA"]
[PlyCount "62"]
[EventDate "2020.09.21"]
[EventCountry "CZE"]
[SourceTitle "playchess.com"]
[Source "ChessBase"]
[SourceQuality "1"]

{[%evp 9,62,35,51,-14,52,37,58,46,54,33,44,8,26,0,0,0,28,20,57,48,49,38,61,66,56,29,26,27,60,-9,-12,-27,6,4,13,0,12,9,48,-23,-21,-85,-57,-160,-152,-228,-217,-279,-266,-306,-314,-306,-299,-428,-412]} 1. e4 g6 2. d4 Bg7 3. Nf3 d6 4. Bd3 Nc6 5. c3 e5 {[#]} 6. Nbd2 $146 {B06: Modern Defence.} (6. h3 $14) ({Predecessor:} 6. O-O Nf6 7. Re1 O-O 8. Nbd2 exd4 9. Nxd4 Nxd4 10. cxd4 c5 11. dxc5 dxc5 12. Nf3 Be6 13. Qe2 Re8 14. Be3 Rc8 15. Rad1 Qc7 16. b3 {1-0 (46) Vachier Lagrave,M (2775)-Nakamura,H (2754) Paris 2019}) 6... Nge7 (6... exd4 $11 7. cxd4 Bxd4) 7. dxe5 dxe5 8. Bc4 {White is slightly better.} O-O 9. Qc2 h6 10. Nb3 Qe8 11. Be3 Nd8 12. O-O Kh8 13. Rfe1 Ne6 14. Rad1 b6 15. Nc1 (15. Bd5 {is more complex.} Rb8 16. Nbd2 Bd7 17. Nc4 f6 18. b3) 15... Bb7 16. Bxe6 fxe6 17. Nd2 g5 18. Nd3 g4 19. Nf1 (19. Nc4 $14) 19... Qg6 $11 ({Not} 19... Bxe4 $2 20. Bxh6 $1 {[%mdl 512]} Bxd3 21. Bxg7+ Kxg7 22. Rxd3 $18 (22. Qxd3 Rd8 $18)) 20. Bc1 Nc8 21. Qe2 Nd6 {[%cal Rg6e4]} 22. Nd2 $1 h5 23. b3 a5 24. Nb2 (24. c4 $14) 24... Rad8 25. c4 (25. Nd3 $11) 25... Nf7 $1 $36 {[%mdl 2048] Black is more active.} 26. Nd3 ({White should play} 26. Kh1 $15) 26... Ng5 $1 27. Kh1 {[#]} (27. Qe3 $17) 27... h4 $1 $19 28. Qxg4 {Nf3 is the strong threat.} Rxd3 29. Nf3 Rxd1 {[%mdl 64] Overworked Piece} 30. Rxd1 Qxe4 31. Qxg5 {[#]} (31. Qxh4+ $142 Qxh4 32. Nxh4) 31... Rxf3 $1 {Accuracy: White = 48%, Black = 79%.} 0-1

[Event "Czech Open GM 2020"]
[Site "Pardubice"]
[Date "2020.09.21"]
[Round "1.4"]
[White "Noe, Christopher"]
[Black "Narr, Kevin"]
[Result "1-0"]
[WhiteElo "2519"]
[BlackElo "2119"]
[Annotator "RC"]
[PlyCount "61"]
[EventDate "2020.09.21"]
[EventCountry "CZE"]
[SourceTitle "playchess.com"]
[Source "ChessBase"]
[SourceQuality "1"]
[TimeControl "40/5400+30:1800+30"]

1. c4 {[%emt 0:00:00]} c6 {[%emt 0:02:22]} 2. d4 {[%emt 0:00:30]} d5 {[%emt 0:00:05]} 3. e3 {[%emt 0:00:06]} Nf6 {[%emt 0:00:22]} 4. Nc3 {[%emt 0:00:14]} e6 {[%emt 0:00:13]} 5. Nf3 {[%emt 0:00:06]} Nbd7 {[%emt 0:00:27]} 6. Qc2 {[%emt 0:00:38]} Bd6 {[%emt 0:00:31]} 7. Bd3 {[%emt 0:01:16]} dxc4 {[%emt 0:00:27]} 8. Bxc4 {[%emt 0:00:06]} b5 {[%emt 0:00:32]} 9. Be2 {[%emt 0:01:29]} O-O {[%emt 0:00:42]} 10. O-O {[%emt 0:03:06]} Bb7 {[%emt 0:00:16]} 11. e4 {[%emt 0:01:16]} e5 {[%emt 0:00:35]} 12. Bg5 {[%emt 0:15:43]} a6 13. Rad1 {[%emt 0:00:00]} Qc7 {[%emt 0:19:38]} 14. dxe5 {[%emt 0:00:00]} Nxe5 {[%emt 0:00:06]} 15. Nxe5 {[%emt 0:09:32]} Bxe5 {[%emt 0:00:04]} 16. f4 {[%emt 0:00:11]} Bd6 {[%emt 0:02:58]} 17. e5 {[%emt 0:04:37]} Bc5+ {[%emt 0:00:20]} 18. Kh1 {[%emt 0:00:09]} Nd5 {[%emt 0:01:55]} 19. Nxd5 {[%emt 0:01:47]} cxd5 {[%emt 0:00:03]} 20. Rc1 {[%emt 0:00:47]} Rac8 {[%emt 0:03:39]} 21. Bg4 {[%emt 0:00:17]} Qb8 {[%emt 0:02:20]} 22. Bxc8 {[%emt 0:04:00]} Rxc8 {[%emt 0:00:02]} 23. Qe2 {[%emt 0:03:39]} h6 {[%emt 0:05:39]} 24. Bh4 {[%emt 0:10:51]} d4 {[%emt 0:01:25]} 25. e6 {[%emt 0:00:05]} f5 {[%emt 0:00:59]} 26. e7 {[%emt 0:05:31]} Be4 {[%emt 0:17:05]} 27. e8=Q+ {[%emt 0:01:31]} Rxe8 {[%emt 0:00:03]} 28. Rxc5 {[%emt 0:00:08]} Qb6 {[%emt 0:00:42]} 29. Rfc1 {[%emt 0:01:41]} d3 {[%emt 0:00:16]} 30. Qd2 {[%emt 0:00:34]} Kh7 {[%emt 0:01:06]} 31. Re5 {[%emt 0:00:19]} 1-0

[Event "Czech Open GM 2020"]
[Site "Pardubice"]
[Date "2020.09.21"]
[Round "1.5"]
[White "Goossens, Hanne"]
[Black "Mendonca, Leon Luke"]
[Result "0-1"]
[WhiteElo "2118"]
[BlackElo "2490"]
[Annotator "TA"]
[PlyCount "94"]
[EventDate "2020.09.21"]
[EventCountry "CZE"]
[SourceTitle "playchess.com"]
[Source "ChessBase"]
[SourceQuality "1"]

{[%evp 9,94,30,68,74,60,57,70,63,91,95,78,91,81,77,90,92,91,78,76,77,79,78,67,64,72,73,81,74,72,64,72,66,75,51,82,77,89,18,16,17,24,9,15,29,56,72,90,0,115,78,100,100,125,127,122,0,0,0,0,0,0,-6,0,-4,0,0,0,0,0,-6,0,-55,-48,-121,-112,-702,-664,-651,-661,-654,-654,-628,-638,-577,-531,-569,-562]} 1. d4 Nf6 2. Bg5 Ne4 3. Bf4 Nf6 4. f3 c5 5. dxc5 Na6 6. e4 {A45: Trompowsky Attack.} Nxc5 7. Nc3 d6 8. Qd2 {[#] White is slightly better.} Ncd7 $146 ({Predecessor:} 8... Ne6 9. Be3 g6 10. O-O-O Bg7 11. h4 h5 12. Nh3 Bd7 13. Bc4 Rc8 14. Bb3 O-O {1-0 (41) Nihal,S (2576)-Salem,A (2660) St Petersburg 2018}) 9. g4 a6 10. g5 Nh5 11. Be3 $1 b5 12. O-O-O Bb7 13. Nge2 Ne5 14. Nd4 Rc8 15. Kb1 g6 16. f4 Nc4 17. Bxc4 $1 Rxc4 18. f5 Bg7 19. Nd5 O-O 20. Rhf1 Be5 21. Rf2 Ng7 22. f6 exf6 23. gxf6 (23. Nxf6+ $16 Kh8 24. b3) 23... Nh5 $1 $11 24. b3 Rc7 $1 25. Bg5 Bxd5 26. exd5 {Hoping for Ne6!} Bxd4 27. Qxd4 Re8 {[#]} 28. Qd2 (28. Qb6 $1 $16) 28... Qc8 (28... Re5 $11) 29. Re1 $16 Rxe1+ 30. Qxe1 {And now Re2 would win.} h6 31. Bxh6 Qg4 32. Re2 ({White should try} 32. Qe8+ $16 Kh7 33. Bc1) 32... Nxf6 $11 33. Bc1 Nxd5 34. Bb2 {White wants to mate with Re8+.} f6 35. Qd2 Kg7 36. Rg2 Qf5 37. Rf2 Qe6 38. Re2 Qg4 39. Rg2 $132 {[%mdl 2048] White is not keeping still} Qf3 40. Re2 ({Better is} 40. Rg3 $11 Qe4 41. Rd3) 40... b4 $15 41. Kc1 (41. Re1 $15) 41... Kf7 42. Qe1 $2 {[%mdl 8192] [#] Loses the game.} (42. Kb1 $17) 42... Nf4 $1 $19 {[%cal Rf4e2] Black is clearly winning.} 43. Re3 Nd3+ {[%mdl 64] X-Ray Attack} 44. Rxd3 Qxd3 {[%csl Gc7][%cal Rd3c2]} 45. Qf2 Qf5 46. Qe2 a5 47. Qd1 g5 {Accuracy: White = 76%, Black = 86%.} 0-1

[Event "Czech Open GM 2020"]
[Site "Pardubice"]
[Date "2020.09.21"]
[Round "1.6"]
[White "Golubka, Petro"]
[Black "Nikanova, Ekaterina"]
[Result "1-0"]
[WhiteElo "2488"]
[BlackElo "2111"]
[Annotator "TA"]
[PlyCount "46"]
[EventDate "2020.09.21"]
[EventCountry "CZE"]
[SourceTitle "playchess.com"]
[Source "ChessBase"]
[SourceQuality "1"]

{[%evp 18,46,53,49,55,50,48,36,50,39,81,74,83,79,80,77,136,125,138,150,133,132,144,65,91,83,99,97,102,98,117]} 1. d4 Nf6 2. Bg5 e6 3. Nd2 h6 4. Bh4 d5 5. e3 c5 6. c3 Nc6 7. Ngf3 cxd4 8. exd4 Be7 9. Bd3 O-O {9...0-0 has lost popularity.} 10. O-O Ne8 {D03: 1 d4 d5 2 Nf3 Nf6 3 Bg5, including Torre Attack with early ...d5.} 11. Bxe7 Nxe7 {[#]} 12. Ne5 $146 ({Predecessor:} 12. Qe2 Bd7 13. Ne5 Nd6 14. Rae1 Nc6 15. f4 Re8 16. Ndf3 f5 17. Kh1 Ne4 18. Rg1 Nxe5 19. Nxe5 {½-½ (32) Wilczek,R (2061)-Mursaniow,J (1908) Niederrhein 1999}) 12... Nd6 {White is slightly better.} 13. Qh5 f5 14. Qe2 Rf6 15. Kh1 Ng6 16. Qe3 Ne4 ({Black should try} 16... Bd7) 17. Ndf3 $16 ({Don't take} 17. Nxe4 $6 fxe4 18. Nxg6 Rxg6 $14) 17... Bd7 18. Nxg6 Rxg6 19. Ne5 Rf6 20. c4 ({White should play} 20. Rg1 $16) 20... a6 21. b3 {White is better.} Qe7 22. Rac1 Bc6 23. Rc2 Raf8 {Accuracy: White = 88%, Black = 76%.} 1-0

[Event "Czech Open GM 2020"]
[Site "Pardubice"]
[Date "2020.09.21"]
[Round "1.7"]
[White "Jun, Rudolf"]
[Black "Petr, Martin"]
[Result "0-1"]
[WhiteElo "2106"]
[BlackElo "2484"]
[Annotator "TA"]
[PlyCount "72"]
[EventDate "2020.09.21"]
[EventCountry "CZE"]
[SourceTitle "playchess.com"]
[Source "ChessBase"]
[SourceQuality "1"]

{[%evp 12,72,33,33,34,8,34,15,45,13,4,-33,-25,-24,-20,-37,0,-120,-128,-390,-385,-393,-382,-716,-640,-707,-704,-1597,-1582,-1479,-1127,-7408,-7354,-2574,-673,-641,-579,-579,-563,-571,-587,-587,-587,-587,-579,-635,-617,-692,-688,-1267,-1304,-1265,-1253,-1145,-1120,-960,-904,-5189,-5002,-29978,-29979,-29972,-29972]} 1. e4 d5 2. exd5 Qxd5 3. Nf3 Bg4 4. Be2 Nc6 5. Nc3 Qa5 6. d3 Nf6 7. O-O e6 {B01: Scandinavian Defence.} 8. Be3 Bd6 9. h3 h5 {[#] The position is equal.} 10. Re1 $146 ({Predecessor:} 10. d4 O-O-O 11. Nb5 Bxf3 12. Nxd6+ Rxd6 13. Bxf3 Qf5 14. c3 g5 15. Be2 e5 16. Qa4 {0-1 (25) Ruip,J (1984)-Halasz,F (2131) Hungary 2008}) 10... O-O-O 11. a4 a6 12. Bd2 Qf5 13. Be3 g5 14. d4 ({But not} 14. hxg4 $2 hxg4 15. Nxg5 Bh2+ 16. Kh1 (16. Kf1 $2 Bf4 $19) 16... Rdg8 $19) (14. Bxg5 $2 Bxf3 15. Bxf3 Qxg5 $19) (14. Nxg5 $11 Bxe2 15. Qxe2 (15. Rxe2 Rhg8 $11) (15. Nxe2 Nd5 $11)) 14... Nb4 $17 {And now ...Bxf3 would win.} 15. Rc1 $2 {[%mdl 8192]} ({Wrong is} 15. Bxg5 $2 Bxf3 16. Bxf3 Qxg5 $19) (15. Nxg5 $17 {was worth a try.} Nxc2 16. Nxf7 {[%mdl 64] Double Attack} (16. hxg4 $2 hxg4 17. Bd3 Nxe3 $17)) 15... Bxf3 $1 $19 16. Bxf3 g4 17. Be2 $2 (17. Bxb7+ Kxb7 18. h4) 17... gxh3 18. g3 Rdg8 19. Bd3 Nxd3 20. cxd3 h4 21. Kh1 hxg3 22. fxg3 Rxg3 (22... Nh5 $142 23. Rg1 h2) 23. Rf1 Qg6 {( -> ...h2)} 24. Rxf6 Qxf6 25. Ne4 Qf3+ 26. Qxf3 Rxf3 27. Nxd6+ {[#]} Kb8 $1 28. Nc4 b5 29. Ne5 Rxe3 {[%mdl 4096] Endgame KRR-KRN} 30. a5 Rg8 31. Rc2 {[#]} Rg2 $1 {[%mdl 64] Decoy} 32. Rxg2 hxg2+ 33. Kxg2 Re2+ 34. Kf3 Rxb2 35. Nxf7 b4 36. Ne5 Rc2 {White did not feel at home in the position after the opening. Accuracy: White = 31%, Black = 84%.} 0-1

[Event "Czech Open GM 2020"]
[Site "Pardubice"]
[Date "2020.09.21"]
[Round "1.8"]
[White "Vrolijk, Liam"]
[Black "Medunova, Vera"]
[Result "1-0"]
[WhiteElo "2481"]
[BlackElo "2103"]
[Annotator "TA"]
[PlyCount "85"]
[EventDate "2020.09.21"]
[EventCountry "CZE"]
[SourceTitle "playchess.com"]
[Source "ChessBase"]
[SourceQuality "1"]

{[%evp 14,85,47,22,68,53,87,97,127,78,158,116,170,116,121,119,168,161,181,149,193,188,239,238,265,212,222,211,214,218,228,220,257,254,260,279,287,292,333,335,439,426,448,435,400,369,717,745,700,671,596,505,496,480,498,498,484,483,567,552,553,547,639,629,887,1248,633,1286,1300,1195,1102,972,1680,1568]} 1. d4 c5 2. d5 Nf6 3. Nc3 d6 4. e4 g6 5. Nf3 Bg7 6. Bb5+ Bd7 7. a4 {[%cal Ba2a4,Ba4a5][%mdl 32]} O-O 8. h3 a6 {A43: Schmid Benoni.} 9. Be2 Ne8 10. O-O {[#]} e6 $146 {White is better.} ({Predecessor:} 10... e5 11. dxe6 Bxe6 12. Nd5 Nc6 13. Bg5 f6 14. Be3 Kh8 15. c3 Bxd5 16. Qxd5 Qc7 {1-0 (39) Kalinitschew,S (2495)-Ruprich,U (2007) Schwaebisch Gmuend 2001}) 11. a5 b6 (11... exd5 $142 12. Bg5 (12. exd5 Nc7 $16) (12. Qxd5 Bxc3 13. bxc3 Bc6 $14) (12. Nxd5 Bc6 $16) 12... Bf6) 12. Bg5 f6 (12... Nf6 $16) 13. dxe6 (13. Be3 $18) 13... Bxe6 $16 14. Be3 bxa5 15. Bxc5 {[%mdl 64] [#] Pin} Nc6 16. Nd4 Nxd4 17. Bxd4 Rf7 (17... Rb8 $142 18. b3 Rb4 19. Bxa6 f5 20. Bxg7 Nxg7) 18. Qd2 $18 Qc7 19. Ra3 Rb8 20. b3 Rb4 21. Nd5 Bxd5 22. exd5 f5 23. Bxg7 Rxg7 24. Rfa1 ({Much less strong is} 24. Bxa6 $6 Nf6 $18) 24... Qb6 25. Rxa5 Nc7 26. Bc4 ({Don't do} 26. Bxa6 Qd4 $18) 26... Re7 27. c3 Rxb3 28. Bxb3 Qxb3 29. Qd3 {[#] Rb1 is the strong threat.} Re5 $2 (29... Qb6 30. c4 Re8) 30. Rb1 {White is clearly winning.} Rxd5 31. Rxd5 Qxd5 32. Qxd5+ Nxd5 {[%mdl 4096] Endgame KR-KN} 33. c4 Nc3 34. Rb6 Ne4 35. Rxa6 Kf7 36. Ra7+ Ke6 37. Rxh7 Nd2 38. Rc7 Ne4 39. f4 Kf6 40. Kf1 (40. Rc6 $142 Ke6 41. Rc7) 40... Ke6 41. Ke2 Kf6 42. Ke3 Ke6 43. g4 {Accuracy: White = 80%, Black = 32%.} 1-0

[Event "Czech Open GM 2020"]
[Site "Pardubice"]
[Date "2020.09.21"]
[Round "1.9"]
[White "Heldt, Maximilian"]
[Black "Kevlishvili, Robby"]
[Result "0-1"]
[WhiteElo "2093"]
[BlackElo "2478"]
[Annotator "TA"]
[PlyCount "48"]
[EventDate "2020.09.21"]
[EventCountry "CZE"]
[SourceTitle "playchess.com"]
[Source "ChessBase"]
[SourceQuality "1"]

{[%evp 9,48,0,-1,-35,-34,-36,-25,-50,-43,-42,-29,-54,-47,-56,-57,-70,-47,-143,-145,-146,-134,-158,-153,-210,-206,-250,-250,-253,-245,-325,-222,-229,-216,-252,-208,-196,-204,-215,-221,-477,-471]} 1. e4 c5 2. Nc3 d6 3. f4 g6 4. Nf3 Bg7 5. Bc4 Nc6 {[%cal Bb8c6,Bc6a5,Ba5b3][%mdl 32]} 6. h3 {B23: Closed Sicilian: Lines without g3.} e6 7. O-O Nge7 8. Qe1 {Black has an edge.} O-O 9. d3 {[#]} Na5 $146 ({Predecessor:} 9... d5 10. Bb3 Nd4 11. Qh4 b5 12. a3 c4 13. dxc4 dxc4 14. Ba2 Nxc2 15. Rb1 a6 {0-1 (48) Mercado Hidalgo,A (1701)-Vargas Maliqueo,I (2010) Temuco 2019}) 10. Bd2 b6 11. Bb3 Nxb3 12. axb3 Bb7 13. f5 (13. Nd1 $15) 13... exf5 $17 14. Qh4 f6 15. Rae1 Qd7 16. g4 (16. exf5 $17 Nxf5 17. Qf2) 16... fxe4 $19 17. dxe4 Rae8 18. Qg3 d5 19. e5 Nc6 {[%cal Rf6e5]} 20. exf6 {Threatens to win with Rxe8.} Rxe1 ({Don't take} 20... Rxf6 21. Rxe8+ Qxe8 22. Nxd5 $17) 21. Rxe1 Bxf6 {Strongly threatening ...Nd4.} 22. Bh6 {[#]} Bg7 $1 {[%cal Rg7h6]} 23. Bxg7 Qxg7 ({But not} 23... Kxg7 24. Ng5 $17) 24. Nxd5 $2 (24. Nb5) 24... Qf7 {[%mdl 64] Double Attack. White did not feel at home in the position after the opening. Accuracy: White = 40%, Black = 83%.} 0-1

[Event "Czech Open GM 2020"]
[Site "Pardubice"]
[Date "2020.09.21"]
[Round "1.10"]
[White "Haba, Petr"]
[Black "Vojta, Jakub"]
[Result "1/2-1/2"]
[WhiteElo "2461"]
[BlackElo "2093"]
[Annotator "TA"]
[PlyCount "51"]
[EventDate "2020.09.21"]
[EventCountry "CZE"]
[SourceTitle "playchess.com"]
[Source "ChessBase"]
[SourceQuality "1"]

{[%evp 11,51,24,19,0,0,-25,0,-66,-73,-50,-47,-51,-13,-16,14,4,1,-3,0,0,0,0,6,-10,0,-25,0,0,0,-18,-15,-23,54,83,79,75,90,13,12,0,0,0]} 1. d4 d5 2. c4 dxc4 3. e4 Nf6 4. e5 Nd5 5. Bxc4 Nb6 6. Bb3 Bf5 7. Qf3 {D20: Queen's Gambit Accepted: 3 e3 and 3 e4.} e6 8. Qxb7 {[#]} Qxd4 $146 ({Predecessor:} 8... N8d7 9. Qc6 Bb4+ 10. Nc3 Bxc3+ 11. bxc3 O-O 12. Nf3 Nb8 13. Qb5 c6 14. Qe2 N8d7 {1-0 (50) De Leon,A-Windhager,V (1200) Deutschlandsberg 2006}) 9. Nf3 (9. Nc3 $11 Bc5 10. Be3) 9... Qd3 $1 $15 {[#] And now ...Be4 would win.} 10. Nc3 Bb4 11. Bd2 O-O (11... N8d7 $5 {[%cal Re8g8]} 12. Rc1 Nc5 13. Qc6+ Qd7 14. Qxd7+ Nbxd7 $11) 12. O-O-O Qa6 (12... c5 {keeps more tension.} 13. Rhe1 N8d7 14. Re3 c4 15. Rxd3 Nc5) 13. Qxa6 Nxa6 14. Bc2 Bxc2 15. Kxc2 Bxc3 16. bxc3 Rab8 17. Bc1 Nd5 18. Ba3 Rfd8 19. Rb1 Rb6 20. Nd4 c5 21. Nb3 Rdb8 (21... Rc8 $11) 22. Nxc5 $14 Nxc5 23. Bxc5 Nxc3 {[%cal Rb6b1]} 24. Rxb6 (24. Bxb6 $16 Nxb1 25. Bxa7 (25. Rxb1 axb6 26. Rb4 h6 $14) 25... Na3+ 26. Kd3 Rd8+ 27. Ke3) 24... axb6 $11 25. Kxc3 {Strongly threatening Be3.} Rc8 $1 {[%mdl 64] [#] Pin} 26. Rb1 {Accuracy: White = 79%, Black = 75%.} 1/2-1/2

[Event "Czech Open GM 2020"]
[Site "Pardubice"]
[Date "2020.09.21"]
[Round "1.12"]
[White "Lizak, Peter"]
[Black "Neumann, Filip"]
[Result "0-1"]
[WhiteElo "2457"]
[BlackElo "2077"]
[Annotator "TA"]
[PlyCount "65"]
[EventDate "2020.09.21"]
[EventCountry "CZE"]
[SourceTitle "playchess.com"]
[Source "ChessBase"]
[SourceQuality "1"]

{[%evp 15,65,0,2,-4,-7,-9,10,-4,64,56,63,0,185,167,179,189,179,162,159,170,156,159,158,155,263,256,256,174,172,166,174,132,156,156,137,27,47,0,0,-8,-8,-29,-50,-232,-235,-225,-227,-228,-171,-162,-174,-170]} 1. d4 Nf6 2. Bf4 d5 3. Nf3 c5 4. e3 Nc6 5. Nbd2 e6 6. c3 Bd6 7. Bg3 O-O 8. Bd3 b6 9. Qe2 {D02: 1 d4 d5 2 Nf3 sidelines, including 2...Nf6 3 g3 and 2...Nf6 3 Bf4.} Bb7 10. Rd1 Re8 11. e4 {e5 is the strong threat.The position is equal.} e5 (11... Be7 $11) 12. dxc5 $14 Bxc5 13. exd5 {[#]} ({White should try} 13. O-O $14) 13... Nd4 $146 (13... Nxd5 $11 14. O-O Nf4 15. Bxf4 exf4) ({Predecessor:} 13... Nxd5 14. Ne4 Nf4 15. Bxf4 exf4 16. O-O Qc7 17. Qc2 Ne5 18. Nxe5 Rxe5 19. Nxc5 Qxc5 {0-1 (41) Nikolaou,S (2203)-Stanojoski,Z (2457) Thessaloniki 2018}) 14. cxd4 $18 exd4 {[#]} 15. Ne5 $1 Qxd5 16. f4 {And now Bc4 would win.} Qxg2 17. Qxg2 Bxg2 18. Rg1 Bd5 19. Kf2 Bxa2 {[#]} (19... Rac8 $16 {might work better.} 20. Nb3 Ne4+ 21. Bxe4 Bxe4) 20. b3 $1 Bb4 21. Ne4 Nxe4+ 22. Bxe4 Rad8 23. Bc6 Re6 24. f5 Red6 25. Be4 (25. Nd3 $16 Rxc6 26. Nxb4) 25... Bxb3 $11 26. Rb1 d3 27. Rxb3 Bc5+ 28. Kg2 Bxg1 29. Nxd3 $2 {This costs White the game.} (29. Rb1 $15 Be3 30. Nc6) 29... Rd4 $19 {Black is clearly better.} 30. Kf3 Re8 31. Ne5 {[#]} Rxe4 $1 {[%mdl 512]} 32. Kxe4 f6 {[%mdl 64] Pin} 33. Kd5 {Accuracy: White = 59%, Black = 75%.} 0-1

[Event "Czech Open GM 2020"]
[Site "Pardubice"]
[Date "2020.09.21"]
[Round "1.13"]
[White "Zdrazil, Tomas"]
[Black "Vogel, Roven"]
[Result "0-1"]
[WhiteElo "2068"]
[BlackElo "2456"]
[Annotator "TA"]
[PlyCount "60"]
[EventDate "2020.09.21"]
[EventCountry "CZE"]
[SourceTitle "playchess.com"]
[Source "ChessBase"]
[SourceQuality "1"]

{[%evp 25,60,29,24,-155,-162,-215,-204,-208,-209,-198,-198,-198,-215,-212,-193,-379,-372,-424,-413,-529,-292,-505,-506,-969,-958,-955,-952,-1116,-1116,-1454,-1457,-1390,-1255,-1328,-1147,-5574,-1020]} 1. e4 c5 2. Nf3 d6 3. d4 cxd4 4. Nxd4 Nf6 5. Nc3 Nc6 6. Bg5 e6 7. Qd2 a6 8. O-O-O Bd7 9. f4 Be7 10. Nf3 b5 11. e5 b4 12. exf6 bxc3 13. Qxc3 gxf6 14. Bc4 $2 {[#] B68: Sicilian: Richter-Rauzer: 7...a6 8 0-0-0 Bd7 9 f4 Be7 .} ({White should try} 14. Kb1 $11) 14... Na5 $1 $17 {[%cal Ra5c4]} 15. Bb3 (15. Bd3 {might work better.}) 15... Rc8 $19 16. Qd4 {[#] Black is clearly better.} Nxb3+ $146 ({Predecessor:} 16... Qc7 17. Ba4 Bxa4 18. Qxa4+ Qc6 19. Qxc6+ Rxc6 20. Bh4 Kd7 21. Rhe1 Rb8 22. Re2 Rcb6 {1-0 (41) Walther,E-Scriba,P Germany 1973}) 17. axb3 {[#]} Qc7 $1 {[%csl Gc8][%cal Rc7c2][%mdl 512]} 18. c3 {[#]} e5 $1 {[%cal Re5d4]} 19. fxe5 dxe5 20. Qe3 $2 (20. Qxd7+ Qxd7 21. Rxd7 Kxd7 22. Be3) 20... fxg5 21. Nxe5 Be6 22. h4 Bd6 23. Rxd6 $2 (23. Rde1) 23... Qxd6 {Black is clearly winning.} 24. Nxf7 (24. Re1 $142 gxh4 25. Qg5) 24... Kxf7 25. Rf1+ Ke8 26. Qxg5 {[#]} Rc5 $1 27. Qe3 Ra5 {( -> ...Ra1+)} 28. Kc2 Re5 29. Qf3 Bd5 30. Qg4 Qg6+ {White did not feel at home in the position after the opening. Accuracy: White = 20%, Black = 84%.} 0-1